000 00374nam a2200145Ia 4500
008 230917s9999||||xx |||||||||||||| ||und||
040 _e49319
_aMAIN
041 _aEnglish
082 _a954.03 F239M
100 _aFarquhar, J N
245 0 _aModern religious movements in India
260 _aNew Delhi
_bMunshiram Manoharlal
_c1977
300 _axiv, 471 p.
942 _cBK
999 _c145805
_d145805